[Event "Open A"]
[Site "Pardubice CZE"]
[Date "2005.07.27"]
[Round "6"]
[White "Heberla,B"]
[Black "Zubarev,Al1"]
[Result "1/2-1/2"]
[WhiteElo "2447"]
[BlackElo "2521"]

1.e4 c5 2.Nc3 e6 3.Nf3 a6 4.d4 cxd4 5.Nxd4 Qc7 6.Be2 b5 7.f4 Bb7 8.Bf3 Nc6
9.Nxc6 Bxc6 10.O-O b4 11.Ne2 Nf6 12.e5 Bc5+ 13.Kh1 Bxf3 14.Rxf3 Ne4 15.Qe1 O-O
16.Ng3 Nxg3+ 17.Qxg3 f6 18.exf6 Rxf6 19.Bd2 Bd4 20.c3 bxc3 21.Bxc3 Bxc3 22.bxc3 Raf8
23.Raf1 Qc4 24.Qf2 Rf5 25.h3 h6 26.Qd2 Rd5 27.Qc2 Rff5 28.R1f2 Ra5 29.Qb3 Qc6
30.Qb4 Rac5 31.Rd2 Rfd5 32.Rxd5 Rxd5 33.Rg3 Qc5 34.Qb8+ Qf8 35.Qc7 Kh7 36.Qc4 Qf5
37.Kh2 a5 38.a4 Rd2 39.Qc7 Rd1 40.Qb8 Qc5 41.Rg4 Qg1+ 42.Kg3 Rd3+ 43.Kh4 Qf2+
44.g3 Qc5 45.Qe8 Qf5 46.Qe7 Qf6+ 47.Qxf6 gxf6 48.f5 exf5 49.Rc4 Kg6 50.Rc5 d6
51.Rc8 Re3 52.Rg8+ Kf7 53.Rd8 Ke7 54.Ra8 Re4+ 55.Kh5 Rxa4 56.Kxh6 Ra3 57.Kg6 Rxc3
58.Kxf5 Rc5+ 59.Ke4 Ke6 60.Re8+ Kf7 61.Rd8 Rc3 62.Kf5 Rc5+ 63.Ke4 a4 64.Ra8 Rc3
65.Kf5 Rxg3 66.Ra7+ Kg8 67.Rxa4 Rxh3  1/2-1/2

[Event "Open Dutch Championship"]
[Site "Dieren NED"]
[Date "2005.07.28"]
[Round "3"]
[White "Smits,Mar"]
[Black "Friesen,B"]
[Result "1-0"]
[WhiteElo "2273"]
[BlackElo "2139"]

1.e4 c5 2.Nf3 e6 3.d4 cxd4 4.Nxd4 a6 5.Nc3 b5 6.Bd3 Qb6 7.Nb3 Qc7 8.O-O Bb7
9.a4 b4 10.Na2 Nf6 11.Qe2 Be7 12.Bd2 Nc6 13.f4 d5 14.e5 Nd7 15.Rae1 Nc5 16.Nxc5 Bxc5+
17.Kh1 g6 18.Nc1 Nd4 19.Qg4 h5 20.Qh3 Nf5 21.Nb3 Be7 22.Rc1 Qd7 23.Na5 Bc8
24.c3 bxc3 25.bxc3 Qxa4 26.c4 d4 27.Be4 Bd7 28.Ra1  1-0

[Event "Open Dutch Championship"]
[Site "Dieren NED"]
[Date "2005.07.28"]
[Round "3"]
[White "Neuer,T"]
[Black "Hilverda,A"]
[Result "1/2-1/2"]
[WhiteElo "2089"]
[BlackElo "2160"]

1.e4 c5 2.Nf3 e6 3.d4 cxd4 4.Nxd4 a6 5.Nc3 Qc7 6.Be3 Nf6 7.f3 Bb4 8.Ne2 Nc6
9.Qd2 b5 10.O-O-O Bb7 11.Kb1 Be7 12.g4 Na5 13.Bf4 e5 14.Bg5 b4 15.Nd5 Nxd5
16.exd5 Nc4 17.Qc1 f6 18.Be3 Rc8 19.c3 Qa5 20.b3 Nxe3 21.Qxe3 bxc3 22.Rc1 c2+
23.Rxc2 Rxc2 24.Kxc2 Qxa2+ 25.Kd1 Bxd5 26.Nc1 Qb2 27.Bxa6 Ba3 28.Bc4 Qxc1+
29.Qxc1 Bxf3+ 30.Kd2 Bxc1+ 31.Rxc1 Bxg4 32.Be2 Bxe2 33.Rc8+ Kf7 34.Rxh8 Bf3
35.Rxh7 f5 36.b4 Bc6 37.Rh8 Ke7 38.Rb8 Kd6 39.Rg8 f4 40.Rxg7 e4 41.Rg5 Ke6
42.b5 Bb7 43.h4 Kf6 44.Rc5 e3+ 45.Ke2 Ke6 46.h5 Be4 47.h6 d5 48.Rc8 Kf6 49.Re8 Bg6
50.Rxe3 fxe3 51.b6 Bh5+ 52.Kd3 d4 53.b7 Bg6+ 54.Kxd4 e2 55.b8=Q e1=Q  1/2-1/2

[Event "ch-VSZ"]
[Site "Vukovar CRO"]
[Date "2005.07.29"]
[Round "1"]
[White "Filipovic,Iv"]
[Black "Zivkovic,Vj"]
[Result "0-1"]
[WhiteElo "2003"]
[BlackElo "2412"]

1.e4 c5 2.Nf3 e6 3.d4 cxd4 4.Nxd4 a6 5.Nc3 b5 6.f3 Bb7 7.Be3 Qc7 8.Qd2 Bb4
9.a3 Be7 10.Na2 Nf6 11.g4 h6 12.h4 d5 13.exd5 Nxd5 14.O-O-O Nxe3 15.Qxe3 Bc5
16.Qc3 Qf4+  0-1

[Event "Open Dutch Championship"]
[Site "Dieren NED"]
[Date "2005.07.30"]
[Round "5"]
[White "Sprangers,R"]
[Black "Burg,T"]
[Result "0-1"]
[WhiteElo "2130"]
[BlackElo "2218"]

1.e4 c5 2.Nf3 e6 3.d4 cxd4 4.Nxd4 a6 5.Nc3 d6 6.Be3 Qc7 7.Bd3 Nf6 8.O-O b5
9.a3 Bb7 10.f4 Nbd7 11.Qe2 Nc5 12.Bf2 h5 13.e5 dxe5 14.fxe5 Ng4 15.Rae1 O-O-O
16.b4 Nd7 17.Ncxb5 axb5 18.Nxb5 Qb8 19.Na7+ Kc7 20.Nb5+ Kc8 21.Qd2 Ndxe5
22.Qc3+ Bc6 23.Rxe5 Nxe5 24.Bd4 Rxd4 25.Nxd4 Qb6 26.Kh1 Qc7 27.Ba6+ Kb8 28.Qg3 Bd6
29.Qxg7 Rd8 30.Rd1 Ng4 31.Qg5 Bd5 32.Nb5 Nf2+ 33.Kg1 Qb6 34.Rd4 Ne4 35.Qh4 Be5
36.Kh1 Bf6 37.Qf4+ e5 38.Rxd5 exf4  0-1

[Event "15th ETC Women"]
[Site "Gothenburg SWE"]
[Date "2005.07.31"]
[Round "2"]
[White "Kopinits,A"]
[Black "Ciuksyte,D"]
[Result "0-1"]
[WhiteElo "2124"]
[BlackElo "2341"]

1.e4 c5 2.Nf3 e6 3.d4 cxd4 4.Nxd4 a6 5.Nc3 Qc7 6.Be2 Nf6 7.O-O Be7 8.f4 d6
9.Bf3 O-O 10.Kh1 Re8 11.a4 Nc6 12.Nb3 b6 13.g4 Bb7 14.g5 Nd7 15.Bg2 Nb4 16.Be3 Rad8
17.Nd4 g6 18.Qd2 Qb8 19.Nb3 Qa8 20.a5 Nc5 21.axb6 Nxe4 22.Nxe4 Bxe4 23.Rfc1 Bxg2+
24.Qxg2 Nd5 25.Re1 Rb8 26.Na5 Nxe3 27.Qxa8 Rxa8 28.Rxe3 Rab8 29.b7 Bd8 30.Rb3 Bxa5
31.Rxa5 Re7 32.Rxa6 Rexb7 33.Rxb7 Rxb7 34.b3 d5 35.Ra8+ Kg7 36.Ra4 Rc7 37.c4 dxc4
38.Rxc4 Rd7 39.Rc2 Rd3 40.Rb2 Rf3 41.b4 Rxf4 42.b5 Rc4 43.b6 Rc8 44.Kg2 Kf8
45.Kf3 Rb8 46.Ke4 Ke7 47.Ke5 Rb7 48.h4 Kd7 49.Kf6 Kc6 50.Rb1 Rxb6 51.Rc1+ Kd5
52.Rc7 Rb4 53.Rd7+ Kc6 54.Rxf7 Rxh4 55.Re7 Kd5 56.Rd7+ Ke4 57.Kxe6 Rh1 58.Ra7 Kf4
59.Kf6 Kg4 60.Ra4+ Kh5 61.Ra5 Rf1+ 62.Ke6 Kg4 63.Ra7 Kxg5 64.Rxh7 Re1+ 65.Kf7 Kf5
66.Rh2 g5 67.Rf2+ Ke4 68.Rf6 Ra1 69.Kg6 g4 70.Kh5 g3 71.Rg6 Rh1+  0-1

[Event "Open Dutch Championship"]
[Site "Dieren NED"]
[Date "2005.08.01"]
[Round "6"]
[White "Slingerland,F"]
[Black "Livshits,G"]
[Result "1/2-1/2"]
[WhiteElo "2259"]
[BlackElo "2375"]

1.e4 c5 2.Nf3 e6 3.d4 cxd4 4.Nxd4 a6 5.Nc3 b5 6.Bd3 Qb6 7.Be3 Bc5 8.Be2 Nc6
9.Nxc6 Bxe3 10.fxe3 dxc6 11.Qd4 Qxd4 12.exd4 e5 13.dxe5 Ne7 14.a4 Rb8 15.axb5 axb5
16.Bh5 O-O 17.O-O b4 18.Ne2 Rb5 19.Nf4 Rxe5 20.Bf3 Ng6 21.Nd3 Rb5 22.Be2 Re8
23.Ra4 b3 24.Nb4 Rc5 25.cxb3 Be6 26.Na6 Rc2 27.Nc7 Rc8 28.Bd3 Bxb3 29.Bxc2 Bxa4
30.Bxa4 Rxc7 31.Rc1 Ne5 32.b4 f6  1/2-1/2

[Event "15th ETC Women"]
[Site "Gothenburg SWE"]
[Date "2005.08.02"]
[Round "4"]
[White "Gara,A"]
[Black "Limontaite,S"]
[Result "1-0"]
[WhiteElo "2372"]
[BlackElo "2095"]

1.e4 c5 2.Nf3 e6 3.d4 cxd4 4.Nxd4 a6 5.Nc3 Qc7 6.Bd3 Nc6 7.Be3 Nf6 8.Qe2 b5
9.Nxc6 dxc6 10.f4 Be7 11.O-O O-O 12.e5 Nd5 13.Nxd5 cxd5 14.Qf2 Bd7 15.c3 a5
16.Bd4 Rab8 17.g4 b4 18.Qc2 g6 19.f5 Bc5 20.Qf2 Bxd4 21.cxd4 exf5 22.gxf5 Bb5
23.Bxb5 Rxb5 24.f6 h6 25.Qe3 Kh7 26.Rf3 Qd7 27.Rh3 Qg4+ 28.Rg3 Qe4 29.Qxe4 dxe4
30.Re1 Rd5 31.Rxe4 Rc8 32.Rg2 a4 33.Rd2 g5 34.Kf2 Kg6 35.Ke3 Rc1 36.Kd3 a3
37.b3 Rc3+ 38.Ke2 Kf5 39.Re3 Rc6 40.Rh3 Kg6 41.Rhd3 Kf5 42.Ke3 Rc1 43.Rf2+ Ke6
44.Rdd2 Re1+ 45.Rfe2 Rf1 46.Rc2 Rf4 47.Rc4 Rh4 48.Kd3 Rh3+ 49.Re3 Rxh2 50.Rc7 Rd7
51.Rc6+ Kf5 52.Rf3+ Kg6 53.Rc8 Rh1 54.Rg8+ Kh5 55.e6 fxe6 56.f7 Rd1+ 57.Kc4 R1xd4+
58.Kb5 Rb7+ 59.Kc5 Rd5+ 60.Kc6 Rxf7 61.Rxf7 Rd2 62.Kc5 Rxa2 63.Kxb4 Ra1 64.Ra8 g4
65.Rxa3 Re1 66.Ra5+ Kg6 67.Rf8 e5 68.Rg8+ Kf5 69.Ra7 h5 70.Rf7+ Ke4 71.Rh7 Kf3
72.Rxh5 g3 73.Rhg5 Rg1 74.Rxe5 g2 75.Reg5  1-0

[Event "ch-POR"]
[Site "Vila Real POR"]
[Date "2005.08.03"]
[Round "1"]
[White "Martins,H"]
[Black "Galego,L"]
[Result "0-1"]
[WhiteElo "2157"]
[BlackElo "2501"]

1.e4 c5 2.Nf3 e6 3.d4 cxd4 4.Nxd4 a6 5.Nc3 Qc7 6.Be3 Nf6 7.f3 Bb4 8.Qd2 d5
9.exd5 Nxd5 10.Nde2 Nxe3 11.Qxe3 O-O 12.O-O-O Bd7 13.Ne4 Rc8 14.c3 Be7 15.f4 Nc6
16.N2g3 Be8 17.Kb1 Nb4 18.f5 Nd5 19.Qf3 Qb6 20.fxe6 fxe6 21.Bd3 Bg6 22.Ka1 Rf8
23.Qe2 Nf4 24.Qc2 Nxd3 25.Qxd3 Rf2 26.Rd2 Rxd2 27.Qxd2 Rd8 28.Qe2 Rd5 29.Rd1 Rxd1+
30.Qxd1 Qe3 31.Nd2 Qf2 32.Qe2 Qg1+ 33.Ngf1 Qb6 34.Nc4 Qc5 35.Ne5 Be8 36.a3 Qd5
37.Nd2 Bd6 38.Nef3 Bh5 39.h3 Bf4 40.Qc4 Qxc4 41.Nxc4 Bg6 42.Ka2 Be4 43.Kb3 b5
44.Na5 Bc7 45.Kb4 Bd6+ 46.Kb3 e5 47.c4 Ba8 48.cxb5 axb5 49.Ne1 Bc5 50.Kc2 Kf7
51.Kd2 Ke6 52.Nb3 Bb7 53.Nf3 Kd5 54.Nc1 e4 55.Ne1 Ke5 56.Ke2 Bd4 57.b3 Bb2
58.Kd2 Bxa3 59.Ne2 Bb4+ 60.Kd1 Bd5  0-1

[Event "ch-IRI Semi-Final"]
[Site "Tehran IRI"]
[Date "2005.08.04"]
[Round "2"]
[White "Ahmadinia,E"]
[Black "Ghorbani,M"]
[Result "0-1"]
[WhiteElo "2195"]
[BlackElo "2340"]

1.e4 c5 2.Nf3 e6 3.d4 cxd4 4.Nxd4 a6 5.Nc3 Qc7 6.g3 Nf6 7.Bg2 d6 8.O-O Be7
9.a4 Nc6 10.Re1 O-O 11.h3 Bd7 12.g4 h6 13.Kh1 Rfe8 14.Nxc6 Bxc6 15.f4 Rad8
16.Qe2 Bf8 17.g5 hxg5 18.fxg5 Nd7 19.g6 fxg6 20.Qg4 Ne5 21.Qg3 Be7 22.Bf4 Bf6
23.Rad1 Qe7 24.Re2 g5 25.Bc1 Rf8 26.b3 Ng6 27.Rd3 Nf4 28.Bxf4 gxf4 29.Qg4 Be5
30.Bf3 Rf6 31.Nd1 Be8 32.Qh4 Qc7 33.Rg2 Rg6 34.Nf2 Rxg2 35.Kxg2 Rc8 36.Rd2 Qf7
37.Nd3 Bc3 38.Re2 e5 39.Kh2 Ba5 40.Rg2 Bd8 41.Qe1 Bc6 42.Qg1 Bh4 43.Re2 Bg3+
44.Kh1 Bd7 45.Nf2 Rc3 46.Qg2 Qf6 47.Ng4 Qh4 48.Rd2 Re3 49.Re2 Bxg4 50.Bxg4 f3  0-1

[Event "Open"]
[Site "Nice FRA"]
[Date "2005.08.05"]
[Round "6"]
[White "Sanchez,Joseph"]
[Black "Todorov,O"]
[Result "0-1"]
[WhiteElo "2452"]
[BlackElo "2335"]

1.e4 c5 2.Nf3 e6 3.d4 cxd4 4.Nxd4 a6 5.Nc3 Qc7 6.Bd3 Nf6 7.O-O Bc5 8.Nb3 Be7
9.Qe2 d6 10.f4 Nbd7 11.Bd2 b5 12.a3 Bb7 13.Rae1 O-O 14.Kh1 g6 15.Nd4 Rfe8
16.Nf3 Bf8 17.Qf2 Bg7 18.Qh4 Nh5 19.Ng5 Nc5 20.e5 h6 21.Nge4 dxe5 22.Nxc5 Qxc5
23.fxe5 Rad8 24.Be3 Qc7 25.Qf2 Rd7 26.Bb6 Qb8 27.Ne4 Bxe5 28.Ba7 Qc7 29.Be3 Bxe4
30.Bxe4 Bxh2 31.Bxh6 Ng3+ 32.Kxh2 Nxf1+ 33.Kg1 Qh2+ 34.Kxf1 Qh1+ 35.Ke2 Qxh6  0-1

[Event "Valoz Cup GMA"]
[Site "Olomouc CZE"]
[Date "2005.08.05"]
[Round "3"]
[White "Shanava,K"]
[Black "Laznicka,V"]
[Result "0-1"]
[WhiteElo "2477"]
[BlackElo "2517"]

1.e4 c5 2.Nf3 e6 3.d4 cxd4 4.Nxd4 a6 5.Nc3 Qc7 6.Bd3 Nc6 7.Be3 Nf6 8.O-O Nxd4
9.Bxd4 Bc5 10.Bxf6 gxf6 11.Qg4 Kf8 12.Kh1 h5 13.Qh4 Be7 14.f4 b5 15.f5 Qe5
16.Rae1 Bb7 17.Ne2 Kg7 18.Ng1 Rag8 19.Nf3 Qc5 20.b4 Qxb4 21.fxe6 fxe6 22.Qg3+ Kh7
23.Qh3 Qc5 24.e5+ f5 25.Bxf5+ exf5 26.Qxh5+ Kg7 27.Qxf5 Rh7 28.Qxd7 Bc6 29.Qf5 Kh8
30.Rd1 Qc4 31.e6 Qe4 32.Qxe4 Bxe4 33.Rfe1 Bxc2 34.Rd7 Bb4 35.Rc1 Be4 36.Rd4 Ba3
37.Re1 Bxf3 38.gxf3 Bc5 39.Rd7 Bf2 40.Red1 Rxd7 41.exd7 Bb6 42.h4 a5 43.a3 Rb8
44.Rc1 Rd8 45.Rd1 Bc5 46.Rd3 Kg7 47.Kg2 Kf6 48.Rb3 b4 49.axb4 axb4 50.Rd3 Ke6
51.Kf1 Bd6  0-1

[Event "Ave-Kontakt Cup IMB"]
[Site "Olomouc CZE"]
[Date "2005.08.05"]
[Round "4"]
[White "Treybal,D"]
[Black "Kanovsky,D"]
[Result "0-1"]
[WhiteElo "2236"]
[BlackElo "2328"]

1.e4 c5 2.Nf3 e6 3.d4 cxd4 4.Nxd4 a6 5.Nc3 b5 6.Bd3 Qc7 7.f4 b4 8.Na4 Nf6
9.O-O Bb7 10.Qe2 Nc6 11.Nf3 h5 12.Bd2 Be7 13.Rae1 g6 14.c3 a5 15.Kh1 h4 16.Ng5 Nh5
17.Qg4 Nf6 18.Qh3 Nh7 19.Nf3 f5 20.Be3 Nf6 21.Ng5 Ng4 22.Bb6 Qb8 23.Bc5 Qc7
24.Bb6 Qb8 25.Bg1 Ba6 26.Bxa6 Rxa6 27.Nc5 Bxc5 28.Bxc5 Qb5 29.Bd4 Nxd4 30.cxd4 Nf6
31.Qf3 Nxe4 32.Nxe4 fxe4 33.Qxe4 Kf7 34.Rf3 Rh5 35.h3 Qd5 36.Qd3 Rd6 37.Qc2 Qxd4
38.Qc7 Rc5 39.Qd8 Qf6 40.Qb8 Qxb2 41.Qa7 Rc2 42.Rg1  0-1

[Event "15th ETC Women"]
[Site "Gothenburg SWE"]
[Date "2005.08.06"]
[Round "8"]
[White "Frisk,E"]
[Black "Lauterbach,I"]
[Result "1-0"]
[WhiteElo "1991"]
[BlackElo "2156"]

1.e4 c5 2.Nf3 e6 3.d4 cxd4 4.Nxd4 a6 5.Nc3 Qc7 6.g3 Bb4 7.Bd2 Nf6 8.Qe2 O-O
9.Bg2 d5 10.exd5 Nxd5 11.Nxd5 Bxd2+ 12.Qxd2 exd5 13.O-O Rd8 14.Rfe1 Qd6 15.Qg5 Nc6
16.Nf5 Bxf5 17.Qxf5 g6 18.Qd3 Rac8 19.a3 d4 20.Rad1 Ne5 21.Qe2 Nc6 22.Rd3 Qf6
23.Bxc6 Qxc6 24.Rd2 Re8 25.Qf1 Rxe1 26.Qxe1 Qb5 27.b4 Qd5 28.Qd1 Rc4 29.c3 Qc6
30.Rxd4 Rxc3 31.Rd8+ Kg7 32.Qd4+ f6 33.Rd7+ Kg8 34.Rd8+ Kg7 35.Qd7+ Qxd7
36.Rxd7+ Kh6 37.a4 b5 38.axb5 axb5 39.Rb7 f5 40.Rxb5 Kg5 41.Kg2 Rb3 42.Rb6 Kh5
43.Rb7 h6 44.h4 g5 45.hxg5 hxg5 46.b5 Kg4 47.b6 Rb2 48.Rb8 f4 49.gxf4 Kxf4
50.b7 Kg4 51.Kg1 Rb1+ 52.Kh2 Rb2 53.Kg2 Rb3 54.f3+ Rxf3 55.Rh8 Rg3+ 56.Kh2 Rc3
57.b8=Q Rc2+ 58.Kg1 Rc1+ 59.Kf2 Rc2+ 60.Ke3 Rc3+ 61.Kd4 Rf3 62.Rf8 Ra3 63.Qc8+ Kg3
64.Qc2 Kg4 65.Qf5+  1-0

[Event "Proclient Cup GMB"]
[Site "Olomouc CZE"]
[Date "2005.08.06"]
[Round "5"]
[White "Maslak,K"]
[Black "Bernasek,J"]
[Result "1/2-1/2"]
[WhiteElo "2501"]
[BlackElo "2458"]

1.e4 c5 2.Nf3 e6 3.d4 cxd4 4.Nxd4 a6 5.Nc3 b5 6.Bd3 d6 7.O-O Nf6 8.a4 b4
9.Na2 Bb7 10.Re1 Be7 11.Nxb4 d5 12.e5 Bxb4 13.c3 Be7 14.exf6 Bxf6 15.Bf4 O-O
16.Re3 g6 17.Qg4 Nd7 18.Nf3 Bg7 19.Qh3 Re8 20.Rae1 Qb6 21.Bh6 Bh8 22.Bf4 Bg7
23.Bh6 Bh8 24.Bf4  1/2-1/2

[Event "ch-IRI Semi-Final"]
[Site "Tehran IRI"]
[Date "2005.08.06"]
[Round "4"]
[White "Rafiei,A1"]
[Black "Mahjoob,M"]
[Result "0-1"]
[WhiteElo "2174"]
[BlackElo "2442"]

1.e4 c5 2.Nf3 e6 3.Nc3 a6 4.d4 cxd4 5.Nxd4 b5 6.Bd3 Qb6 7.Nb3 Qc7 8.O-O Nf6
9.f4 d6 10.e5 Nfd7 11.Qh5 g6 12.Qh3 dxe5 13.fxe5 Nxe5 14.Be4 Bb7 15.Bf4 Bg7
16.Rae1 Nbd7 17.Bxb7 Qxb7 18.Ne4 O-O 19.Bh6 Bxh6 20.Qxh6 Qb6+ 21.Kh1 f6 22.Rd1 Rac8
23.Qh3 f5 24.Ng5 Nf6 25.Nd4 Rfe8 26.Qe3 Nc4 27.Qg3 Nxb2 28.Rd2 Nc4 29.Rdd1 Qc7
30.Qh4 Ne3 31.Ngxe6 Rxe6 32.Nxe6 Qd6 33.Rf3 Qxe6 34.Rxe3 Qxe3 35.Qxf6 Re8
36.h3 Qe6 37.Qb2 Rc8 38.Qb4 Qe4 39.Qd6 Qc6 40.Qe5 Re8 41.Qb2 Re2 42.Rd8+ Kf7
43.Qb3+ Ke7 44.Rd5 Re1+ 45.Kh2 Qc7+ 46.g3 Re2+ 47.Kh1 Rxc2 48.Qe3+ Kf7 49.Qb3 Qc4
50.Rd7+ Ke6 51.Qxc4+ Rxc4  0-1

[Event "FSGM August"]
[Site "Budapest HUN"]
[Date "2005.08.07"]
[Round "2"]
[White "Bellin,R"]
[Black "Fogarasi,T"]
[Result "1/2-1/2"]
[WhiteElo "2399"]
[BlackElo "2490"]

1.e4 c5 2.Nf3 e6 3.d4 cxd4 4.Nxd4 a6 5.Nc3 Qc7 6.Bd3 Nf6 7.O-O Bc5 8.Nb3 Be7
9.Qe2 d6 10.f4 Nbd7 11.Bd2 b5 12.Rae1 b4 13.Nd1 Bb7 14.c4 e5 15.Ne3 Nxe4
16.Bxb4 g6 17.Ba5 Qb8 18.Nd5 Bxd5 19.cxd5 Nef6 20.Kh1 O-O 21.Bxa6 Nxd5 22.Bb5 Nc5
23.Bd2 Nxf4 24.Bxf4 exf4 25.Nd4 Bf6 26.Nc6 Qb6 27.Nb4 Rab8 28.Nd5 Qxb5 29.Nxf6+ Kg7
30.Qe7 Nd3 31.a4 Qxb2 32.Rd1 Qxf6 33.Qxf6+ Kxf6 34.Rxd3 Rb4 35.Rxd6+ Kg7
36.Ra6 Rd8 37.Ra7 Rd2 38.h3 Ra2 39.a5 Rba4 40.g3 Rxa5 41.Rxa5 Rxa5 42.Rxf4 Ra2
43.Kg1 f5 44.Rb4 Kf6 45.Rb7 h6 46.Rb4 Kg5 47.Rc4 Re2 48.Ra4 Re4 49.Ra6 Re2
50.Rb6 h5 51.Ra6 h4 52.gxh4+ Kh5 53.Rb6 Re4 54.Kg2 Rxh4 55.Ra6 Rb4 56.Rc6 Rb2+
57.Kg3 Rb3+ 58.Kg2 Kg5 59.Ra6 f4 60.Ra8 Kf5 61.Rf8+ Ke4 62.Re8+ Kd4 63.Rd8+ Ke3
64.Re8+ Kd2 65.h4 Rg3+ 66.Kf2 Rh3 67.Rd8+ Kc3 68.Rg8 Kd4 69.Rxg6 Ke4 70.Re6+ Kf5
71.Re8 Rxh4 72.Rf8+  1/2-1/2

[Event "15th ETC Women"]
[Site "Gothenburg SWE"]
[Date "2005.08.07"]
[Round "9"]
[White "Pertlova,S"]
[Black "Lakos,N"]
[Result "0-1"]
[WhiteElo "2086"]
[BlackElo "2313"]

1.e4 c5 2.Nf3 e6 3.d4 cxd4 4.Nxd4 a6 5.Nc3 Qc7 6.Be3 Bb4 7.Ne2 Nc6 8.a3 Be7
9.f4 d6 10.g3 Nf6 11.h3 b5 12.Bg2 Bb7 13.O-O Na5 14.b3 O-O 15.Qe1 Nd7 16.Rd1 Rac8
17.Rd3 Nc6 18.Nd1 Rfd8 19.Kh1 Qb8 20.Bg1 Qa8 21.Nec3 Nc5 22.Rd2 b4 23.Nd5 exd5
24.exd5 Bf6 25.dxc6 Bxc6 26.axb4 Re8 27.Qf2 Bxg2+ 28.Qxg2 Ne4 29.Rd3 Rxc2
30.Nf2 Rb2 31.g4 Bh4 32.Rf3 Ng3+ 33.Rxg3 Bxg3 34.Qxa8 Rxa8 35.Ne4 Rxb3 36.Rd1 Bxf4
37.Nxd6 Rxh3+ 38.Kg2 Rg3+ 39.Kf1 Bxd6 40.Rxd6 Rxg4 41.Bc5 Rg6  0-1

[Event "Valoz Cup GMA"]
[Site "Olomouc CZE"]
[Date "2005.08.07"]
[Round "7"]
[White "Shanava,K"]
[Black "Popchev,M"]
[Result "1/2-1/2"]
[WhiteElo "2477"]
[BlackElo "2476"]

1.e4 c5 2.Nf3 e6 3.d4 cxd4 4.Nxd4 a6 5.Nc3 Nc6 6.Be3 Nge7 7.Bd3 g6 8.Qd2 Bg7
9.Nxc6 Nxc6 10.f4 d5 11.Bc5 Qa5 12.Bd6 Nb4 13.e5 Bd7 14.a3 Nxd3+ 15.cxd3 Rc8
16.Rc1 d4 17.Ne2 Rxc1+ 18.Nxc1 Qd5 19.O-O Bc6 20.Rf2 f6 21.Ne2 Bf8 22.Bxf8 Rxf8
23.exf6 Rxf6 24.Ng3 Qd6  1/2-1/2

[Event "HZ Open"]
[Site "Vlissingen NED"]
[Date "2005.08.07"]
[Round "2"]
[White "Buytaert,K"]
[Black "Rodshtein,M"]
[Result "1-0"]
[WhiteElo "2148"]
[BlackElo "2459"]

1.e4 c5 2.Nf3 e6 3.d4 cxd4 4.Nxd4 a6 5.Nc3 d6 6.g3 Nf6 7.Bg2 Be7 8.O-O O-O
9.a4 Bd7 10.h3 Nc6 11.Nde2 Rc8 12.Be3 e5 13.f4 Na5 14.b3 b5 15.Qd2 Nb7 16.g4 b4
17.Nd5 Nxd5 18.exd5 exf4 19.Rxf4 a5 20.Nd4 Bf6 21.Raf1 Bxd4 22.Bxd4 Nc5 23.Qf2 Qe7
24.Re1 Qd8 25.Rf1 f6 26.Qg3 Qe8 27.Re1 Qg6 28.Rf2 Nb7 29.Re7 Rf7 30.Be4 Qg5
31.Bxh7+ Kf8 32.Rxd7 Rxd7 33.Bf5 Rdc7 34.Be3 Rc3 35.Rf3 Rxe3 36.Rxe3 Rc3
37.Bd3 Rc8 38.Qe1 Nc5 39.Bf5 Rd8 40.h4 Qf4 41.h5 Qd4 42.Kh2 Qxd5 43.Bg6 Qc6
44.h6 Kg8 45.Re7 gxh6 46.Qe3 Rd7 47.Bh7+ Kf8 48.Re8+ Kg7 49.Bf5 Rf7 50.Re7 Qd5
51.Re8 Nd7 52.Be6 Qe5+ 53.Qxe5 Nxe5 54.Bxf7 Kxf7 55.Ra8 Nxg4+ 56.Kg3 Ne3
57.Rxa5 Ke6 58.Rb5 Nxc2 59.a5 Nd4 60.Rb6 Kd7 61.a6  1-0

[Event "Stork YM"]
[Site "Hengelo NED"]
[Date "2005.08.08"]
[Round "1"]
[White "Baramidze,D"]
[Black "Sharevich,A"]
[Result "1-0"]
[WhiteElo "2535"]
[BlackElo "2325"]

1.e4 c5 2.Nf3 e6 3.d4 cxd4 4.Nxd4 a6 5.Nc3 b5 6.Bd3 Qb6 7.Nb3 Qc7 8.Qe2 Bb7
9.O-O d6 10.Kh1 Nf6 11.Bd2 Nbd7 12.f4 Be7 13.a4 b4 14.Na2 Nc5 15.Nxc5 dxc5
16.e5 Nd7 17.a5 Bd5 18.c4 Bc6 19.Nc1 O-O-O 20.Be4 Nb8 21.Nb3 g6 22.Bxc6 Qxc6
23.Be3 Rd7 24.Qf2 Rc7 25.Rfd1 Nd7 26.Rd3 Qe4 27.Qf1 Qxc4 28.Nd2 Qb5 29.b3 f6
30.Nc4 fxe5 31.Rad1 Kb8 32.fxe5 Rf8 33.Qe2 Rf5 34.Bg1 Qc6 35.h3 Ka7 36.Rd6 Bxd6
37.Rxd6 Qb7 38.Rxe6 Nb8 39.Rd6 Rc6 40.Qd3 Qe7 41.Qd5 Kb7 42.Bxc5 Qc7 43.Bg1 Kc8
44.Bb6 Rf1+ 45.Kh2 Qf7 46.Rd8+  1-0

[Event "HZ Open"]
[Site "Vlissingen NED"]
[Date "2005.08.08"]
[Round "3"]
[White "Doggers,P"]
[Black "Martens,M"]
[Result "1-0"]
[WhiteElo "2249"]
[BlackElo "2423"]

1.e4 c5 2.Nf3 e6 3.d4 cxd4 4.Nxd4 a6 5.Nc3 Qc7 6.Bd3 Nf6 7.f4 d6 8.O-O Nbd7
9.Kh1 g6 10.f5 gxf5 11.exf5 e5 12.Ne6 Qc6 13.Qe2 Be7 14.Ng7+ Kd8 15.Nh5 d5
16.Nxf6 Bxf6 17.Qh5 e4 18.Be2 d4 19.Nd1 Ne5 20.Nf2 e3 21.Ng4 Rg8 22.Rd1 Rg5
23.Rxd4+ Ke7 24.Qh3 Bxf5 25.Bxe3 Nxg4 26.Bxg4 Rxg4 27.Rxg4 Rg8 28.Bg5 Bxg5
29.Qa3+ Kf6 30.Rf1 Re8 31.h4 Be3 32.Rg3 Qc5 33.Qxc5 Bxc5 34.Rgf3  1-0

[Event "HZ Open"]
[Site "Vlissingen NED"]
[Date "2005.08.10"]
[Round "5"]
[White "Iordachescu,V"]
[Black "Lacasa Diaz,J"]
[Result "1-0"]
[WhiteElo "2606"]
[BlackElo "2420"]

1.e4 c5 2.Nf3 e6 3.Nc3 a6 4.d4 cxd4 5.Nxd4 d6 6.Bd3 Nf6 7.f4 b5 8.e5 dxe5
9.fxe5 Nd5 10.Ne4 Qc7 11.Qh5 g6 12.Qh4 Qxe5 13.Nf3 Qc7 14.Nf6+ Nxf6 15.Qxf6 Rg8
16.Bf4 Nd7 17.Qxf7+ Kxf7 18.Bxc7 Nc5 19.Be2 Ne4 20.Rd1 Bb7 21.Ba5 Bd6 22.Ng5+ Ke7
23.Bf3 Nxg5 24.Bxb7 Rab8 25.Bd2 Rxb7 26.Bxg5+ Kd7 27.Bf4 Rb6 28.Rf1 Rf8 29.Rf3 Rf5
30.Bxd6 Rxd6 31.Rxd6+ Kxd6 32.Ra3 Re5+ 33.Kd2 Rd5+ 34.Kc1 Rf5 35.Rxa6+ Kd5
36.Rb6 Rf1+ 37.Kd2 Rf2+ 38.Kd3 Kc5 39.Rxe6 Rxg2 40.Re5+ Kc6 41.Re2 Rg4 42.Re4 Rg2
43.h4 Kd5 44.Rf4 h5 45.b3 Rg3+ 46.Kd2 Rg2+ 47.Kc3 Rg4 48.Rf6 b4+ 49.Kb2 Rxh4
50.Rxg6 Rh2 51.Rg8 Kc5 52.Rc8+ Kb5 53.a3 bxa3+ 54.Kxa3 h4 55.c4+ Ka5 56.Ra8+ Kb6
57.Rh8 Kc5 58.Rh5+ Kd4 59.Kb4 h3 60.c5 Rh1 61.Kb5 h2 62.b4 Kc3 63.c6 Kd4
64.Kb6 Rb1 65.Rxh2 Rxb4+ 66.Kc7 Kd5 67.Rh6 Rg4 68.Kb7 Rb4+ 69.Kc8 Rb6 70.Kd7  1-0

[Event "HZ Open"]
[Site "Vlissingen NED"]
[Date "2005.08.11"]
[Round "6"]
[White "Stellwagen,D"]
[Black "Livshits,G"]
[Result "1-0"]
[WhiteElo "2533"]
[BlackElo "2375"]

1.e4 c5 2.Nf3 e6 3.d4 cxd4 4.Nxd4 a6 5.Nc3 b5 6.Bd3 Qb6 7.Nf3 Qc7 8.O-O b4
9.Ne2 Bb7 10.Bf4 d6 11.c3 Nf6 12.cxb4 Bxe4 13.Bxe4 Nxe4 14.Rc1 Qd8 15.Ned4 Nd7
16.Re1 d5 17.Qa4 Be7 18.Bc7 Qc8 19.Ba5 Qb8 20.Rc7 Nf6 21.Ne5 Qd8  1-0

[Event "Stork YM"]
[Site "Hengelo NED"]
[Date "2005.08.12"]
[Round "8"]
[White "Brandenburg,D"]
[Black "Sharevich,A"]
[Result "1-0"]
[WhiteElo "2371"]
[BlackElo "2325"]

1.e4 c5 2.Nf3 e6 3.d4 cxd4 4.Nxd4 a6 5.Nc3 b5 6.Bd3 Qb6 7.Nf3 Nc6 8.O-O Qb8
9.Re1 Bb7 10.e5 Nge7 11.Bf4 f5 12.Nh4 g6 13.Nf3 h6 14.h4 Nb4 15.Bf1 Nbd5
16.Nxd5 Nxd5 17.Bd2 Bc6 18.Nd4 Bb7 19.c3 Be7 20.h5 g5 21.a4 b4 22.c4 Nc7
23.a5 Qa7 24.Be3 Bc5 25.Nb3 Bxe3 26.Rxe3 f4 27.Rd3 Bc6 28.Rd6 O-O-O 29.Qd2 Ne8
30.Rd3 Qb8 31.Re1 Rf8 32.Nc5 Nc7 33.Rd1 Rf7 34.Rd6 Qa8 35.Qxb4 g4 36.Qd2 g3
37.f3 Rf5 38.Qd4 Ne8 39.Nxd7  1-0

[Event "HZ Open"]
[Site "Vlissingen NED"]
[Date "2005.08.12"]
[Round "7"]
[White "Iordachescu,V"]
[Black "Bofill Mas,A"]
[Result "1-0"]
[WhiteElo "2606"]
[BlackElo "2386"]

1.e4 c5 2.Nf3 e6 3.Nc3 a6 4.d4 cxd4 5.Nxd4 d6 6.Bd3 Nc6 7.Nxc6 bxc6 8.O-O Nf6
9.Qe2 Be7 10.f4 Nd7 11.Rf3 Bf6 12.Bd2 Qb6+ 13.Kh1 Qxb2 14.Rb1 Qa3 15.Rb3 Qc5
16.e5 dxe5 17.Ne4 Qe7 18.fxe5 Bxe5 19.Bb4 c5 20.Nxc5 Bd6 21.Qe4 Ra7 22.Nxd7 Rxd7
23.Bc3 e5 24.Bc4 Bb7 25.Rxb7 Rxb7 26.Rxf7 Rb1+ 27.Be1 Qxf7 28.Bxf7+ Kxf7
29.g4 Rd8 30.Kg2 Bb8 31.Qc4+ Kf6 32.Qf1+ Ke6 33.Qf5+  1-0

[Event "ch-AUT Qualifier"]
[Site "Gmunden AUT"]
[Date "2005.08.13"]
[Round "1"]
[White "Koffler,D"]
[Black "Holzer,G"]
[Result "1/2-1/2"]
[WhiteElo "2106"]
[BlackElo "2276"]

1.e4 c5 2.Nf3 e6 3.d4 cxd4 4.Nxd4 a6 5.Nc3 Qc7 6.Bd3 Nc6 7.Be3 Nf6 8.O-O h5
9.Nxc6 Ng4 10.e5 Nxe3 11.fxe3 bxc6 12.Qf3 Qxe5 13.Qxf7+ Kd8 14.Rad1 Bd6 15.Qf4 Qxf4
16.exf4 Kc7 17.f5 Bc5+ 18.Kh1 d5 19.fxe6 Bxe6 20.Rde1 Kd6 21.Ne2 a5 22.Nf4 Bd7
23.h4 Rae8 24.Rxe8 Bxe8 25.g3 Bd7 26.Kg2 Bg4 27.Re1 Bd4 28.c3 Bf6 29.Bg6 Rb8
30.Rb1 c5 31.Nxh5 Bxh5 32.Bxh5 Bxc3 33.b3 a4 34.Bg6 a3 35.g4 Rb4 36.Kf3 Be5
37.Bf5 Rd4 38.Rc1 Rd2 39.Rc2 Rd1 40.h5 Rg1 41.Re2 Rh1 42.Kg2 Rh2+ 43.Kf3 Rh3+
44.Kg2 Rc3 45.Kf2 Bd4+ 46.Kg2 Be3 47.Rc2 Rxc2+ 48.Bxc2 Ke5 49.Kf3 Kd4 50.Ke2 Bg5
51.Bf5 Kc3 52.Be6 d4 53.Bf5  1/2-1/2

[Event "Caissa IM August"]
[Site "Kecskemet HUN"]
[Date "2005.08.13"]
[Round "8"]
[White "Kjartansson,G"]
[Black "Erdelyi,T"]
[Result "1-0"]
[WhiteElo "2230"]
[BlackElo "2278"]

1.e4 c5 2.Nf3 e6 3.d4 cxd4 4.Nxd4 a6 5.Nc3 Qc7 6.Bd3 Nf6 7.O-O d6 8.Qe2 g6
9.Kh1 Bg7 10.f4 O-O 11.f5 exf5 12.exf5 Re8 13.Nd5 Qd8 14.Qf3 Rf8 15.Bg5 Kh8  1-0